Juegos motrices cooperativos

Saved in:
Bibliografiske detaljer
Hovedforfatter: Bantulà Janot, Jaume (Author)
Format: Bog
Sprog:spansk
Udgivet: Barcelona Paidotribo 2009
Udgivelse:3a. ed
Serier:Colección Pedagogías Corporales
Fag:
Tags: Tilføj Tag
Ingen Tags, Vær først til at tagge denne postø!

MARC

LEADER 00000nam a2200000 a 4500
001 UCG3366
003 CL-VaPUC
008 100826e20090000SP |||||||||||||||||spa|d
020 |a 9788480193573 
082 0 4 |a 796.1  |b BAN  |2 21 
100 0 |a Bantulà Janot, Jaume  |e author  |9 552440 
245 1 0 |a Juegos motrices cooperativos 
250 |a 3a. ed 
300 |a 261 p 
942 |c BK 
945 |d 20100826 00:00:00  |a mfarfan 
260 |a Barcelona  |b Paidotribo  |c 2009 
650 0 |a Juegos infantiles  |9 307365 
650 0 |a Juegos al aire libre  |9 474689 
650 0 |a Juegos deportivos   |9 334250 
650 0 |a Expresión corporal  |9 308898 
650 0 |a Dinámica de grupos   |9 259862 
583 |a last modification  |c 20100826 00:00:00  |k Rodrigo Vera 
490 0 |a Colección Pedagogías Corporales 
999 |c 342435  |d 342433 
952 |0 0  |1 0  |4 0  |6 796_100000000000000_BAN_2009  |7 0  |8 C  |9 438626  |a BIBCUR  |b BIBCUR  |d 2019-11-22  |i 4708458  |l 1  |o 796.1 BAN 2009  |p 4708458  |r 2025-04-22  |s 2023-10-04  |w 2019-11-22  |y BK  |k DEN